Relie ces noms de famille aux prénoms des Kpop idols - Statistiques

Statistiques générales
  • Ce quiz a été pris 709 fois
    362 depuis la dernière actualisation
  • Le résultat moyen est 7 sur 24
Statistiques - réponses
Hint Réponse % Correct
Jeon Jungkook
77%
Wang Jackson
63%
Nakamoto Yuta
63%
Min Yoongi
55%
Boo Seungkwan
42%
Choi Soobin
41%
Song Mingi
36%
Byun Baekhyun
33%
Im Nayeon
32%
An Yujin
31%
Shin Ryujin
30%
Park Jihyo
28%
Kang Yeosang
27%
Lee Taemin
26%
Na Jaemin
23%
Do Kyungsoo
21%
Lim Jaebom
20%
Yu Jimin (Karina)
20%
Oh Sehun
19%
Kwon Jiyong (G Dragon)
17%
Bae Juhyun (Irene)
11%
Kim Sunwoo
11%
Dong Yongbae (Taeyang)
10%
Ji Suyeon
4%
Aucun quiz correspondant
Distribution des résultats
% des personnes avec chaque résultat
Percentile par nombre de réponses
Votre historique - résultats
Vous n’avez pas pris ce quiz depuis la dernière actualisation